Možnosti využitia finančných prostriedkov ŠF v SR v sektore poľnohospodárstva

Salvato in:
Dettagli Bibliografici
Autore principale: Polednáková, Anna, 1957-
Natura: Capitolo di libro
Lingua:slovacco
Tags: Aggiungi Tag
Nessun Tag, puoi essere il primo ad aggiungerne!!

MARC

LEADER 00000naa$a2200000$$$4500
001 0060557
005 20240502083144.2
041 0 |a slo 
044 |a CZ 
245 1 0 |a Možnosti využitia finančných prostriedkov ŠF v SR v sektore poľnohospodárstva  |c Anna Polednáková 
100 1 |a Polednáková, Anna, 1957-